000 00653nam a2200277Ia 4500
005 20260324142151.0
008 008 260324s9999 xx 000 0 eng d
020 _a9781003077022
037 _aEBOOK
040 _aCRL
040 _beng
040 _cCRL
041 _2eng
041 _aeng
084 _qCRL
100 _aF. Farzaneh; D. N. Cooper
_91210940
245 0 _aFunctional Analysis of the Human Genome
260 _bTaylor and Francis
260 _c1995
365 _a
365 _b340
856 _uhttp://www.taylorfrancis.com/books/9781003077022
942 _cEBOOK
999 _c1814803
_d1814803